MARC details
| 000 -CABECERA |
| campo de control de longitud fija |
02341nam a22002297a 4500 |
| 008 - DATOS DE LONGITUD FIJA--INFORMACIÓN GENERAL |
| campo de control de longitud fija |
251112b |||||||| |||| 00| 0 eng d |
| 020 ## - NÚMERO INTERNACIONAL ESTÁNDAR DEL LIBRO |
| Número Internacional Estándar del Libro |
9788408271949 |
| 040 ## - FUENTE DE LA CATALOGACIÓN |
| Centro/agencia transcriptor |
tbs |
| 041 ## - CÓDIGO DE LENGUA |
| Código de lengua del texto/banda sonora o título independiente |
spa |
| 100 ## - ENTRADA PRINCIPAL--NOMBRE DE PERSONA |
| Nombre de persona |
Longarela, Andrea |
| 9 (RLIN) |
26121 |
| Término indicativo de función/relación |
author |
| 245 ## - MENCIÓN DE TÍTULO |
| Título |
El color de las cosas invisibles |
| Mención de responsabilidad, etc. |
/ Andrea Longarela. |
| 260 ## - PUBLICACIÓN, DISTRIBUCIÓN, ETC. |
| Lugar de publicación, distribución, etc. |
Barcelona : |
| Nombre del editor, distribuidor, etc. |
Crossbooks, |
| Fecha de publicación, distribución, etc. |
2023. |
| 300 ## - DESCRIPCIÓN FÍSICA |
| Extensión |
511 pages ; |
| Dimensiones |
23 cm. |
| 520 ## - SUMARIO, ETC. |
| Sumario, etc. |
Los dos quieren tener razón. Y los dos saben que se equivocan. Un enemies-to-lovers que te hará creer en el amor. Rain y Jack se odian. Rain y Jack pertenecen a planetas distintos. Rain y Jack no pueden tener menos cosas en común. Y, sin embargo, no dejan de cruzarse. Una y otra vez. Primero en el instituto, luego en un concierto e, inesperadamente, también unos años después, cuando ya creían que no volverían a encontrarse. Incluso se ven empujados a compartir una noche en una casa perdida en mitad del bosque. Rain piensa que las casualidades no existen. Jack, que las causalidades no lo explican todo. Los dos quieren tener razón. Y los dos saben que se equivocan. Y ambos intuyen que, sea cual sea la verdad, cuando se trata de amor no hay teoría científica que haga entender el mecanismo de un corazón cuando otro lo sacude. |
| 520 ## - SUMARIO, ETC. |
| Sumario, etc. |
They both want to be right. And they both know they’re wrong.<br/>An enemies-to-lovers story that will make you believe in love.<br/>Rain and Jack hate each other. Rain and Jack come from different worlds. Rain and Jack couldn’t have less in common. And yet, they keep running into each other—again and again. First in high school, then at a concert, and, unexpectedly, years later, when they thought they’d never meet again. They even end up spending a night together in a secluded house deep in the woods.<br/>Rain believes coincidences don’t exist. Jack believes causality doesn’t explain everything. They both want to be right. And they both know they’re wrong. Deep down, they sense that—whatever the truth may be—when it comes to love, no scientific theory can explain the way one heart shakes another. |
| 650 #0 - PUNTO DE ACCESO ADICIONAL DE MATERIA--TÉRMINO DE MATERIA |
| Término de materia o nombre geográfico como elemento de entrada |
Man-woman relationships |
| Subdivisión de forma |
Fiction |
| 9 (RLIN) |
11134 |
| 650 #0 - PUNTO DE ACCESO ADICIONAL DE MATERIA--TÉRMINO DE MATERIA |
| Término de materia o nombre geográfico como elemento de entrada |
Friendship in children |
| Subdivisión de forma |
Fiction |
| 9 (RLIN) |
26498 |
| 650 #0 - PUNTO DE ACCESO ADICIONAL DE MATERIA--TÉRMINO DE MATERIA |
| Término de materia o nombre geográfico como elemento de entrada |
Life on other planets |
| Subdivisión de forma |
Fiction |
| 9 (RLIN) |
26499 |
| 650 #0 - PUNTO DE ACCESO ADICIONAL DE MATERIA--TÉRMINO DE MATERIA |
| Término de materia o nombre geográfico como elemento de entrada |
Love |
| Subdivisión de forma |
Fiction |
| 9 (RLIN) |
24358 |
| 655 #0 - TÉRMINO DE INDIZACIÓN--GÉNERO/FORMA |
| Datos o término principal de género/forma |
Romance fiction |
| 9 (RLIN) |
22778 |
| 942 ## - ELEMENTOS DE ENTRADA AGREGADA (KOHA) |
| Fuente del sistema de clasificación o colocación |
Clasificación de Library of Congress |